Report Of the Finance Committee On The Loan Agreement Between The Government Of The Republic Of Ghana And The African Development Fund (ADF) For An Amount Not Exceeding The Equivalent Of Twenty-Seven Million, Eight Hundred And Sixty-Four Thousand, Seven Hundred And Fifty Units Of Account (UA 27,864,750) [Equivalent To US$39.01 Million] To Finance The Savannah Zone Agricultural Productivity Improvement Project (SAPIP) 2018. (Record no. 4416)

MARC details
000 -LEADER
fixed length control field 01030nam a22001697a 4500
003 - CONTROL NUMBER IDENTIFIER
control field OSt
005 - DATE AND TIME OF LATEST TRANSACTION
control field 20241106120701.0
008 - FIXED-LENGTH DATA ELEMENTS--GENERAL INFORMATION
fixed length control field 240829b |||||||| |||| 00| 0 eng d
041 ## - LANGUAGE CODE
Language code of text/sound track or separate title English
082 ## - DEWEY DECIMAL CLASSIFICATION NUMBER
Classification number CR/SAPIP/18 Acc.no. 9664
110 ## - MAIN ENTRY--CORPORATE NAME
Corporate name or jurisdiction name as entry element Seventh Parliament Of The Fourth Republic Of Ghana
245 ## - TITLE STATEMENT
Title Report Of the Finance Committee On The Loan Agreement Between The Government Of The Republic Of Ghana And The African Development Fund (ADF) For An Amount Not Exceeding The Equivalent Of Twenty-Seven Million, Eight Hundred And Sixty-Four Thousand, Seven Hundred And Fifty Units Of Account (UA 27,864,750) [Equivalent To US$39.01 Million] To Finance The Savannah Zone Agricultural Productivity Improvement Project (SAPIP) 2018.
260 ## - PUBLICATION, DISTRIBUTION, ETC.
Place of publication, distribution, etc. Accra
Name of publisher, distributor, etc. Seventh Parliament Of The Fourth Republic Of Ghana
Date of publication, distribution, etc. 7th March, 2018
300 ## - PHYSICAL DESCRIPTION
Extent 10p., tab.;
653 ## - INDEX TERM--UNCONTROLLED
Uncontrolled term 1. (UA 27,864,750) [Equivalent To US$39.01 Million] 2. Finance The Savannah Zone Agricultural Productivity Improvement Project (SAPIP) 2018.
942 ## - ADDED ENTRY ELEMENTS (KOHA)
Source of classification or shelving scheme Dewey Decimal Classification
Koha item type Reports
Suppress in OPAC No
Holdings
Withdrawn status Lost status Source of classification or shelving scheme Damaged status Not for loan Home library Current library Shelving location Date acquired Total checkouts Full call number Date last seen Copy number Price effective from Koha item type
    Dewey Decimal Classification     Main Library Main Library Open Shelves 06/11/2024   CR/SAPIP/18 Acc.no. 9664 06/11/2024 1 06/11/2024 Reports
©2026  Parliament of Ghana Library - All rights reserved